Kindesmißhandlung und -vernachlässigung in Ost-Berlin. Ein Vergleich der Jahre 1984, 1988 und 1989
| Authors: | ; ; |
|---|---|
| Format: | Print Article |
| Language: | German |
| Published: |
1992
|
| In: |
Sozialpädiatrie in Praxis und Klinik
Year: 1992, Volume: 14, Issue: 1, Pages: 36-42 |
| Availability in Tübingen: | Present in Tübingen. IFK: 8193 |
| Check availability: | HBZ Gateway |
| Keywords: |
MARC
| LEADER | 00000caa a22000002c 4500 | ||
|---|---|---|---|
| 001 | 1639430814 | ||
| 003 | DE-627 | ||
| 005 | 20220608125022.0 | ||
| 007 | tu | ||
| 008 | 160223s1992 xx ||||| 00| ||ger c | ||
| 035 | |a (DE-627)1639430814 | ||
| 035 | |a (DE-576)455863555 | ||
| 035 | |a (DE-599)BSZ455863555 | ||
| 040 | |a DE-627 |b ger |c DE-627 |e rakwb | ||
| 041 | |a ger | ||
| 100 | 1 | |a Hauptmann, Christa |4 aut | |
| 245 | 1 | 0 | |a Kindesmißhandlung und -vernachlässigung in Ost-Berlin. Ein Vergleich der Jahre 1984, 1988 und 1989 |c Christa Hauptmann, Gisela Laske, Ernst Lignitz |
| 264 | 1 | |c 1992 | |
| 336 | |a Text |b txt |2 rdacontent | ||
| 337 | |a ohne Hilfsmittel zu benutzen |b n |2 rdamedia | ||
| 338 | |a Band |b nc |2 rdacarrier | ||
| 700 | 1 | |a Laske, Gisela |4 aut | |
| 700 | 1 | |a Lignitz, Ernst |4 aut | |
| 773 | 0 | 8 | |i In |t Sozialpädiatrie in Praxis und Klinik |d Mainz : Kirchheim, 1979 |g 14(1992), 1, Seite 36-42 |w (DE-627)130269433 |w (DE-600)562607-9 |w (DE-576)015837076 |x 0171-9327 |7 nnas |
| 773 | 1 | 8 | |g volume:14 |g year:1992 |g number:1 |g pages:36-42 |
| 935 | |a mkri | ||
| 951 | |a AR | ||
| ELC | |b 1 | ||
| LOK | |0 000 xxxxxcx a22 zn 4500 | ||
| LOK | |0 001 330002465X | ||
| LOK | |0 003 DE-627 | ||
| LOK | |0 004 1639430814 | ||
| LOK | |0 005 20160223095420 | ||
| LOK | |0 008 160208||||||||||||||||ger||||||| | ||
| LOK | |0 040 |a DE-21-110 |c DE-627 |d DE-21-110 | ||
| LOK | |0 689 |a s |a DDR | ||
| LOK | |0 689 |a s |a Kindesmisshandlung | ||
| LOK | |0 852 |a DE-21-110 | ||
| LOK | |0 852 1 |c 8193 |m p |9 00 | ||
| LOK | |0 935 |a k110 | ||
| LOK | |0 938 |k p | ||
| LOK | |0 939 |a 08-02-16 |b l01 | ||
| ORI | |a SA-MARC-krimdoka001.raw | ||
| SIG | |a IFK: 8193 | ||
